[Event "Cattolica Primavera op"]
[Site "Cattolica"]
[Date "2022.03.18"]
[Round "4"]
[White "Gattafoni, Alessio"]
[Black "Viti, Matteo"]
[Result "1-0"]
[WhiteElo "2114"]
[BlackElo "1698"]
[PlyCount "63"]
[EventDate "2022.03.16"]
[EventType "swiss"]
[EventRounds "9"]
[EventCountry "ITA"]
[SourceTitle "CBM 207 Extra"]
[Source "ChessBase"]
[SourceDate "2022.05.31"]
[SourceVersion "1"]
[SourceVersionDate "2022.05.31"]
[SourceQuality "1"]

1. c4 e5 2. g3 Nc6 3. Bg2 Nf6 4. Nc3 g6 5. e3 Bg7 6. Nge2 0-0 7. 0-0 d6 8. d4 exd4 9. exd4 Ne7 10. Nf4 c6 11. Qb3 Qb6 12. Qxb6 axb6 13. h3 Rd8 14. g4 h6 15. Bf3 d5 16. cxd5 Nexd5 17. Nfxd5 cxd5 18. Rd1 Be6 19. Bf4 Rd7 20. a4 Bf8 21. Rdc1 Kg7 22. Be5 Bd6 23. Bxf6+ Kxf6 24. Bxd5 Bh2+ 25. Kxh2 Bxd5 26. Nxd5+ Rxd5 27. Rc7 Rxd4 28. Rxb7 Rb4 29. Ra3 Rxb2 30. Rf3+ Kg5 31. Rbxf7 Rxa4 32. Kg3 1-0

[Event "Cattolica Primavera op"]
[Site "Cattolica"]
[Date "2022.03.17"]
[Round "3"]
[White "Viti, Matteo"]
[Black "Kotyk, Michael"]
[Result "0-1"]
[WhiteElo "1698"]
[BlackElo "2201"]
[PlyCount "86"]
[EventDate "2022.03.16"]
[EventType "swiss"]
[EventRounds "9"]
[EventCountry "ITA"]
[SourceTitle "CBM 207 Extra"]
[Source "ChessBase"]
[SourceDate "2022.05.31"]
[SourceVersion "1"]
[SourceVersionDate "2022.05.31"]
[SourceQuality "1"]

1. e4 e5 2. Nf3 Nc6 3. d4 exd4 4. Bc4 Nf6 5. e5 d5 6. Bb5 Ne4 7. Nxd4 Bd7 8. Bxc6 bxc6 9. 0-0 Bc5 10. f3 Ng5 11. f4 Ne4 12. Be3 Qb8 13. Qc1 0-0 14. c3 Bb6 15. Nd2 Nxd2 16. Qxd2 Qb7 17. Qf2 Rae8 18. Qg3 f6 19. Rae1 c5 20. Nb3 Qc6 21. Kh1 Bf5 22. Rd1 a5 23. Qf2 fxe5 24. Bxc5 a4 25. Bxb6 cxb6 26. Nc1 Be4 27. Ne2 Qb5 28. Rd2 exf4 29. Nd4 Qc5 30. Nf3 a3 31. Qxc5 bxc5 32. b3 h6 33. h4 Rf5 34. Re2 g5 35. Nd2 g4 36. c4 f3 37. gxf3 Bxf3+ 38. Rxf3 Rxe2 39. Rxf5 Rxd2 40. cxd5 Rxa2 41. d6 Rd2 42. d7 Rxd7 43. Rf2 Rd3 0-1

[Event "Cattolica Primavera op"]
[Site "Cattolica"]
[Date "2022.03.16"]
[Round "1"]
[White "Luchi, Max"]
[Black "Viti, Matteo"]
[Result "1-0"]
[WhiteElo "1977"]
[BlackElo "1698"]
[PlyCount "77"]
[EventDate "2022.03.16"]
[EventType "swiss"]
[EventRounds "9"]
[EventCountry "ITA"]
[SourceTitle "CBM 207 Extra"]
[Source "ChessBase"]
[SourceDate "2022.05.31"]
[SourceVersion "1"]
[SourceVersionDate "2022.05.31"]
[SourceQuality "1"]

1. e4 c5 2. Nf3 d6 3. d4 cxd4 4. Nxd4 Nf6 5. Nc3 g6 6. f3 Bg7 7. Be3 0-0 8. Qd2 Nc6 9. Bc4 Bd7 10. 0-0-0 Rc8 11. Bb3 Ne5 12. Kb1 Nc4 13. Bxc4 Rxc4 14. g4 Qa5 15. h4 h5 16. g5 Nh7 17. Nd5 Qd8 18. b3 Rc8 19. Ne2 Bc6 20. Bd4 Bxd4 21. Qxd4 Bxd5 22. exd5 Qc7 23. Qd3 a5 24. f4 a4 25. f5 axb3 26. cxb3 gxf5 27. Qxf5 Kh8 28. Rc1 Qd8 29. Ng3 Rxc1+ 30. Rxc1 Qa5 31. Nxh5 Qd2 32. Qe4 Ra8 33. Qc2 Qxd5 34. Qc3+ e5 35. Qc8+ Rxc8 36. Rxc8+ Nf8 37. Rxf8+ Kh7 38. Nf6+ Kg7 39. Rg8# 1-0